000 00529nam a2200193 i 4500
001 142581
003 ES-MaACL
005 20230906200550.0
007 t|
008 071008s1963 sp ||||1| spa d
100 1 _aVillalonga, Miguel.
_9114977
245 1 0 _aVacaciones de Semana Santa /
_cMiguel Villalonga.
260 _aBarcelona :
_bCaralt,
_c[1963]
300 _a175 p. ;
_c18 cm.
490 1 _aLa espiga literaria
830 1 _aLa espiga literaria
_9187247
852 _aES-MaACL
_jG-9861
999 _c142581
_d142581